000
00256nam a22001217a 4500
041
_a
ENG
100
_a
Kaviany M
245
_a
Essentials Of Heat Transfer
260
_a
Delhi
_b
Cambridge
_c
2011
300
_a
722
650
_a
EOES
856
_u
EOES ( 11 )
999
_c
1154
_d
1154